000 00462nam a2200157 i 4500
001 85648
003 ES-MaACL
005 20230906175258.0
007 t|
008 041130s1972 sp ||||1| spa d
100 1 _aJulve Villuendas, Vicente R.
_967264
245 1 0 _aComunidad de Santa Catalina de Siena /
_cVicente R. Julve Villuendas.
260 _aGuadalajara :
_bOPE,
_c[1972]
300 _a372 p., 2 lám. ;
_c24 cm.
852 _aES-MaACL
_jC-43674
_bR.82937
999 _c85648
_d85648